| 000 | 00928cab a2200313 4500 | ||
|---|---|---|---|
| 001 | ABS57350 | ||
| 008 | 090401t1997 xxu||||| |||| 00| 0 eng d | ||
| 035 | _a(Sirsi) u79750 | ||
| 041 | _aeng | ||
| 100 | _aBennett, N. | ||
| 245 | _aLet`s drink to that | ||
| 260 | _c1997 | ||
| 350 | _a0 | ||
| 490 |
_aEstates Gazette _v(9728) 12 July 1997, 129-131(3) |
||
| 520 | _aLooks at how the A3 use class, including restaurants, pubs, wine bars, and take-away food shops, is being more widely accepted by town and city centre planners. | ||
| 650 | _aA3 USE CLASS | ||
| 650 | _aLEISURE MARKET | ||
| 650 | _aMIXED-USE DEVELOPMENTS | ||
| 650 | _aPLANNING PROCEDURE | ||
| 650 | _aPLANNING POLICY GUIDANCE NOTE SIX | ||
| 650 | _aPUBS | ||
| 650 | _aRESTAURANTS | ||
| 650 | _aTOWN CENTRES | ||
| 650 | _aUSE CLASSES | ||
| 650 | _aWINE BARS | ||
| 690 | _aPLANNING LAW AND PRACTICE | ||
| 942 | _n0 | ||
| 948 | _c21/07/1997 | ||
| 999 |
_c50170 _d50170 |
||